A golfturizmus jelentősége és fejlesztési lehetőségei a Nyugat-Dunántúlon

Bibliográfiai részletek
Szerző: Bándoli Dóra
További közreműködők: Krompaszky Gábor
Dokumentumtípus: Diplomadolgozat
Kulcsszavak:golf
golfturizmus
Nyugat-Dunántúl
Nyugat-Dunántúl régió
sport
Online Access:http://dolgozattar.uni-bge.hu/8443

MARC

LEADER 00000nta a2200000 i 4500
001 dolg8443
005 20180210113057.0
008 161208suuuu hu om 000 hun d
040 |a BGE Dolgozattár Repozitórium  |b hun 
041 |a hu 
100 1 |a Bándoli Dóra 
245 1 2 |a A golfturizmus jelentősége és fejlesztési lehetőségei a Nyugat-Dunántúlon  |c Bándoli Dóra  |h [elektronikus dokumentum] 
246 1 1 |a A golfturizmus jelentősége és fejlesztési lehetőségei a Nyugat-Dunántúlon 
695 |a golf 
695 |a golfturizmus 
695 |a Nyugat-Dunántúl 
695 |a Nyugat-Dunántúl régió 
695 |a sport 
700 1 |a Krompaszky Gábor  |e ths 
856 4 0 |u http://dolgozattar.uni-bge.hu/8443/1/A%20golfturizmus%20jelent%C5%91s%C3%A9ge%20%C3%A9s%20fejleszt%C3%A9si%20lehet%C5%91s%C3%A9gei%20a%20Nyugat-Dun%C3%A1nt%C3%BAlon.pdf  |z Dokumentum-elérés